[Event "MNE-ch 76th"]
[Site "Podgorica"]
[Date "2024.02.14"]
[Round "10"]
[White "Petrov, Nikita"]
[Black "Smirnov, Artem"]
[Result "1-0"]
[WhiteElo "2563"]
[BlackElo "2406"]
[PlyCount "151"]
[EventDate "2024.02.06"]
[EventType "swiss"]
[EventRounds "11"]
[EventCountry "MNE"]
[SourceTitle "CB08_2024"]
[SourceDate "2024.02.21"]
[SourceVersion "1"]
[SourceVersionDate "2024.02.21"]
[SourceQuality "1"]

1. Nf3 Nf6 2. c4 b6 3. g3 Bb7 4. d4 e6 5. Bg2 Be7 6. 0-0 d5 7. cxd5 exd5 8. Nc3 0-0 9. Bf4 Nbd7 10. Rc1 c6 11. h4 Re8 12. e3 Bb4 13. Qc2 Nf8 14. Ne5 Ne6 15. Rfd1 Rc8 16. Qb1 Qe7 17. Nd3 Bxc3 18. bxc3 c5 19. dxc5 bxc5 20. c4 Ba8 21. Be5 dxc4 22. Bxf6 Qxf6 23. Rxc4 Bxg2 24. Kxg2 Red8 25. Ne1 Rb8 26. Rxd8+ Qxd8 27. Qc2 Rb4 28. Rc3 Qd5+ 29. Nf3 h6 30. a3 Rb6 31. Qa4 Qc6 32. Qxc6 Rxc6 33. Nd4 Nxd4 34. exd4 c4 35. Kf3 Kf8 36. Ke4 Ra6 37. Kd5 Ke7 38. Kc5 Kd7 39. Kb5 Rf6 40. f4 Rc6 41. Rxc4 Rb6+ 42. Kc5 Rc6+ 43. Kb4 Rb6+ 44. Kc5 Rc6+ 45. Kd5 Rd6+ 46. Ke4 Re6+ 47. Kf3 Ra6 48. a4 Rb6 49. Kg4 Rg6+ 50. Kf3 Rb6 51. Rc5 Rb4 52. Ra5 Rxd4 53. Rxa7+ Ke6 54. h5 Rc4 55. a5 Rc3+ 56. Kg4 f5+ 57. Kh3 Kf6 58. Ra6+ Kf7 59. Rb6 Ra3 60. Rb7+ Kf6 61. Rb6+ Kf7 62. a6 Ra2 63. Rg6 Kf8 64. Rc6 Kf7 65. Rc7+ Kf6 66. a7 g5 67. Rc6+ Kg7 68. Rg6+ Kh7 69. fxg5 hxg5 70. Rxg5 f4 71. g4 Rxa7 72. Rf5 Ra3+ 73. Kh4 f3 74. Rf7+ Kg8 75. Rf4 Kg7 76. g5 1-0

[Event "MNE-ch 76th"]
[Site "Podgorica"]
[Date "2024.02.07"]
[Round "2"]
[White "Petrov, Nikita"]
[Black "Skvortsov, Andrei"]
[Result "1/2-1/2"]
[WhiteElo "2563"]
[BlackElo "2309"]
[PlyCount "78"]
[EventDate "2024.02.06"]
[EventType "swiss"]
[EventRounds "11"]
[EventCountry "MNE"]
[SourceTitle "CB08_2024"]
[SourceDate "2024.02.21"]
[SourceVersion "1"]
[SourceVersionDate "2024.02.21"]
[SourceQuality "1"]

1. c4 e5 2. Nc3 Nf6 3. Nf3 d6 4. g3 c6 5. Bg2 e4 6. Nd4 d5 7. cxd5 cxd5 8. d3 exd3 9. Qxd3 Nc6 10. 0-0 Nb4 11. Qd1 Be7 12. Qb3 0-0 13. Rd1 Bc5 14. Be3 Qe7 15. Na4 Na6 16. Nxc5 Nxc5 17. Qa3 Re8 18. Rac1 b6 19. Nc6 Qe6 20. Nb4 Bb7 21. Nd3 Nxd3 22. Rxd3 Qe5 23. Bf3 Ne4 24. Bd4 Qe7 25. Qxe7 Rxe7 26. Be3 f6 27. a4 Kf7 28. b4 Rd8 29. b5 Ng5 30. Bxg5 fxg5 31. Rcd1 Red7 32. e4 d4 33. h4 h6 34. hxg5 hxg5 35. Re1 Re7 36. Bg2 g4 37. e5 Bxg2 38. Kxg2 Ke6 39. Re4 Red7 1/2-1/2

[Event "MNE-ch 76th"]
[Site "Podgorica"]
[Date "2024.02.06"]
[Round "1"]
[White "Bogachkova, Alena"]
[Black "Petrov, Nikita"]
[Result "0-1"]
[WhiteElo "2085"]
[BlackElo "2563"]
[PlyCount "48"]
[EventDate "2024.02.06"]
[EventType "swiss"]
[EventRounds "11"]
[EventCountry "MNE"]
[SourceTitle "CB08_2024"]
[SourceDate "2024.02.21"]
[SourceVersion "1"]
[SourceVersionDate "2024.02.21"]
[SourceQuality "1"]

1. e4 c5 2. Nf3 Nc6 3. Bb5 d6 4. 0-0 Bd7 5. Re1 Nf6 6. c3 a6 7. Bf1 Bg4 8. d4 cxd4 9. cxd4 Bxf3 10. gxf3 d5 11. e5 Nh5 12. e6 g6 13. exf7+ Kxf7 14. Bh3 Ng7 15. Nc3 e6 16. Ne2 Bd6 17. Be3 Qh4 18. Kg2 Nf5 19. Qd2 Qh5 20. Bxf5 Qxh2+ 21. Kf1 gxf5 22. Ng3 Bxg3 23. fxg3 Qxd2 24. Bxd2 Nxd4 0-1

[Event "Wch Blitz"]
[Site "Samarkand"]
[Date "2023.12.29"]
[Round "2"]
[White "Petrov, Nikita"]
[Black "Markov, Mikhail2"]
[Result "1-0"]
[WhiteElo "2561"]
[BlackElo "2283"]
[PlyCount "81"]
[EventDate "2023.12.29"]
[EventType "swiss (blitz)"]
[EventRounds "21"]
[EventCountry "UZB"]
[SourceTitle "CB01_2024"]
[SourceDate "2024.01.03"]
[SourceVersion "1"]
[SourceVersionDate "2024.01.03"]
[SourceQuality "1"]

1. d4 Nf6 2. Bg5 d5 3. Nd2 c5 4. dxc5 e6 5. e4 Be7 6. e5 Nfd7 7. Bf4 Nxc5 8. Ngf3 0-0 9. Be2 b6 10. h4 Ba6 11. h5 Qc7 12. h6 g6 13. 0-0 Bxe2 14. Qxe2 Nc6 15. a3 Rac8 16. Rac1 Rfd8 17. b4 Na4 18. c4 d4 19. Ne4 Nc3 20. Nxc3 dxc3 21. Qe4 a5 22. b5 Nb8 23. Rxc3 Nd7 24. Qe3 Nc5 25. Bg5 Na4 26. Rcc1 Nc5 27. Rfd1 Rxd1+ 28. Rxd1 Rd8 29. Rxd8+ Qxd8 30. Bxe7 Qxe7 31. Qd4 Qf8 32. Ng5 Qxh6 33. Qd8+ Qf8 34. Qxb6 Nd3 35. Qd4 Qxa3 36. Qd8+ Qf8 37. Qxd3 a4 38. c5 h6 39. Ne4 Qa8 40. c6 a3 41. c7 1-0

[Event "Wch Rapid"]
[Site "Samarkand"]
[Date "2023.12.28"]
[Round "10"]
[White "Petrov, Nikita"]
[Black "Shimanov, Aleksandr"]
[Result "0-1"]
[WhiteElo "2561"]
[BlackElo "2578"]
[PlyCount "74"]
[EventDate "2023.12.26"]
[EventType "swiss (rapid)"]
[EventRounds "13"]
[EventCountry "UZB"]
[SourceTitle "CB01_2024"]
[SourceDate "2024.01.03"]
[SourceVersion "1"]
[SourceVersionDate "2024.01.03"]
[SourceQuality "1"]

1. e4 c5 2. Nf3 e6 3. c3 Nf6 4. Bd3 d5 5. e5 Nfd7 6. Bc2 Nc6 7. d4 b6 8. 0-0 Ba6 9. Re1 Be7 10. a3 g5 11. Be3 h5 12. b4 g4 13. Nfd2 Qc7 14. Ba4 Bb7 15. Nf1 0-0-0 16. Nbd2 Rhg8 17. Rb1 h4 18. Bc2 Kb8 19. Nb3 Ka8 20. Bf4 Rc8 21. Ne3 c4 22. Nc1 f6 23. Nxg4 fxe5 24. Nxe5 Ndxe5 25. Bxe5 Nxe5 26. Rxe5 Bd6 27. Rxe6 Bxh2+ 28. Kh1 h3 29. g4 Rcf8 30. Qe2 Bc8 31. Rg6 Rxg6 32. Bxg6 Qf4 33. f3 Bg3 34. Na2 Qxf3+ 35. Qxf3 Rxf3 36. b5 Bxg4 37. Rg1 Re3 0-1

[Event "Wch Rapid"]
[Site "Samarkand"]
[Date "2023.12.27"]
[Round "6"]
[White "Petrov, Nikita"]
[Black "Iturrizaga Bonelli, Eduardo"]
[Result "0-1"]
[WhiteElo "2561"]
[BlackElo "2600"]
[PlyCount "218"]
[EventDate "2023.12.26"]
[EventType "swiss (rapid)"]
[EventRounds "13"]
[EventCountry "UZB"]
[SourceTitle "CB01_2024"]
[SourceDate "2024.01.03"]
[SourceVersion "1"]
[SourceVersionDate "2024.01.03"]
[SourceQuality "1"]

1. d4 Nf6 2. c4 e6 3. Nc3 Bb4 4. Qc2 c5 5. dxc5 0-0 6. a3 Bxc5 7. Nf3 Qb6 8. e3 Be7 9. Be2 a6 10. 0-0 Qc7 11. e4 d6 12. Bf4 Nbd7 13. Rad1 b6 14. Rfe1 Bb7 15. Bf1 Rfd8 16. h3 Rac8 17. Rd2 Nh5 18. Be3 Nhf6 19. Qb1 Nc5 20. Bf4 Nb3 21. Rdd1 Nd7 22. e5 dxe5 23. Nxe5 Nxe5 24. Bxe5 Qc6 25. Qc2 Rxd1 26. Qxd1 Na5 27. Qg4 g6 28. Rd1 f6 29. Bd6 Kf7 30. Bxe7 Kxe7 31. Qh4 h5 32. Qg3 g5 33. Qd3 f5 34. Qd4 Rg8 35. b4 Nxc4 36. Qxc4 Qxc4 37. Bxc4 Rc8 38. Bxa6 Bxa6 39. Na4 Rc6 40. Rd2 Bb5 41. Nb2 Rc1+ 42. Kh2 Ra1 43. a4 Bxa4 44. Nc4 Rb1 45. Nxb6 Rxb4 46. Nxa4 Rxa4 47. Rb2 h4 48. g3 Kf6 49. gxh4 gxh4 50. Kg2 Kg5 51. Rb8 e5 52. Rg8+ Kf6 53. Rf8+ Ke6 54. Rh8 Kd5 55. Rh5 Rf4 56. Rh8 Rd4 57. Rh5 Ke6 58. Rh6+ Kf7 59. Rh5 Kg6 60. Rh8 Ra4 61. Rg8+ Kf6 62. Rf8+ Ke6 63. Rh8 Rd4 64. Rh6+ Kf7 65. Rh5 Kf6 66. Rh6+ Kg5 67. Rh8 Rd6 68. Re8 Kf4 69. Rg8 e4 70. Rf8 Rd3 71. Rh8 Kg5 72. Rg8+ Kf6 73. Rh8 Rd2 74. Re8 Kg5 75. Rg8+ Kf4 76. Re8 Re2 77. Rh8 Kg5 78. Rg8+ Kf6 79. Rh8 Ra2 80. Re8 Kg5 81. Rg8+ Kf4 82. Re8 Rb2 83. Re7 Rb8 84. Rg7 Re8 85. Rf7 Rg8+ 86. Kf1 Rg6 87. Rf8 Rg5 88. Ke2 Rh5 89. Rf7 Rh8 90. Kf1 Rg8 91. Ke2 Ra8 92. Kf1 Ra2 93. Rf8 Ra7 94. Kg2 Re7 95. Kf1 e3 96. Ke2 exf2+ 97. Kxf2 Ra7 98. Rf6 Ra2+ 99. Kf1 Ke4 100. Rb6 Rd2 101. Rb4+ Rd4 102. Rb3 Rd3 103. Rb4+ Kf3 104. Rb1 f4 105. Kg1 Kg3 106. Ra1 f3 107. Kf1 Rd2 108. Kg1 Rg2+ 109. Kf1 Rh2 0-1

[Event "EU-ch Blitz"]
[Site "Zagreb"]
[Date "2023.12.16"]
[Round "7"]
[White "Petrov, Nikita"]
[Black "Veiga, Jose Francisco RP"]
[Result "1/2-1/2"]
[WhiteElo "2561"]
[BlackElo "2357"]
[PlyCount "112"]
[EventDate "2023.12.16"]
[EventType "swiss (blitz)"]
[EventRounds "13"]
[EventCountry "CRO"]
[SourceTitle "CB51_2023"]
[SourceDate "2023.12.20"]
[SourceVersion "1"]
[SourceVersionDate "2023.12.20"]
[SourceQuality "1"]

1. d4 Nf6 2. Bg5 c5 3. Bxf6 gxf6 4. d5 f5 5. Nd2 d6 6. e3 Bg7 7. c3 Nd7 8. Ne2 Nf6 9. Nf4 e5 10. Nh5 Nxh5 11. Qxh5 Bd7 12. Be2 h6 13. Nc4 Qf6 14. g4 Ke7 15. Rg1 Rag8 16. 0-0-0 Qg5 17. Qh3 Bf6 18. gxf5 Qxf5 19. Qf1 Qh3 20. Qxh3 Bxh3 21. Na5 Bc8 22. Bf3 Bh4 23. Rxg8 Rxg8 24. Rd2 Rg1+ 25. Kc2 Rf1 26. Kd3 Rxf2 27. Rxf2 Bxf2 28. Ke2 Bh4 29. e4 Bg5 30. a4 Bf4 31. h4 Bg3 32. h5 Bf4 33. Kd3 Bg5 34. b3 Ke8 35. Nc4 Be7 36. Ne3 Kf8 37. Bg4 Bxg4 38. Nxg4 Bg5 39. b4 cxb4 40. cxb4 Ke7 41. Kc4 Kd7 42. Kd3 Kc7 43. Kc4 a6 44. Nf2 Kd7 45. Ng4 Ke7 46. Kd3 b5 47. axb5 axb5 48. Kc2 Bf4 49. Kd3 Bg5 50. Kc2 Kd7 51. Kd3 Ke7 52. Kc2 Kf8 53. Kd3 Kg7 54. Kc2 Bh4 55. Kd2 Bg5+ 56. Kd3 Kf8 1/2-1/2

[Event "EU-ch Rapid"]
[Site "Zagreb"]
[Date "2023.12.15"]
[Round "10"]
[White "Petrov, Nikita"]
[Black "Pastar, Slaven"]
[Result "1/2-1/2"]
[WhiteElo "2561"]
[BlackElo "2357"]
[PlyCount "107"]
[EventDate "2023.12.14"]
[EventType "swiss (rapid)"]
[EventRounds "11"]
[EventCountry "CRO"]
[SourceTitle "CB51_2023"]
[SourceDate "2023.12.20"]
[SourceVersion "1"]
[SourceVersionDate "2023.12.20"]
[SourceQuality "1"]

1. d4 e6 2. c4 b6 3. e4 Bb4+ 4. Bd2 Bxd2+ 5. Qxd2 d5 6. cxd5 exd5 7. e5 c5 8. Nc3 Ne7 9. Bb5+ Bd7 10. Bxd7+ Qxd7 11. Nf3 0-0 12. Rd1 c4 13. 0-0 b5 14. Nh4 b4 15. Ne2 Nbc6 16. f4 f5 17. exf6 Rxf6 18. Nf3 Raf8 19. Ne5 Qd6 20. g4 h6 21. Ng3 Nxe5 22. dxe5 Qc5+ 23. Qd4 Qxd4+ 24. Rxd4 Rc6 25. f5 a5 26. Nh5 c3 27. bxc3 bxc3 28. Rc1 Rb8 29. Nf4 Rb4 30. Rxb4 axb4 31. Nd3 Rc4 32. h3 Rd4 33. Nxb4 Rxb4 34. Rxc3 Kf7 35. Ra3 h5 36. Rg3 hxg4 37. hxg4 Rb1+ 38. Kh2 Rb2+ 39. Rg2 Rb1 40. Re2 Rb4 41. Kg3 Ra4 42. Rb2 Re4 43. e6+ Kf6 44. Rb7 g5 45. Rb8 Ra4 46. Rf8+ Ke5 47. Rf7 Ra3+ 48. Kf2 Rxa2+ 49. Ke1 Ra7 50. Rg7 Ra1+ 51. Ke2 Ra2+ 52. Ke1 Nxf5 53. Rxg5 Kxe6 54. Rxf5 1/2-1/2

[Event "EU-ch Rapid"]
[Site "Zagreb"]
[Date "2023.12.14"]
[Round "6"]
[White "Petrov, Nikita"]
[Black "Radovanovic, Dusan"]
[Result "1-0"]
[WhiteElo "2561"]
[BlackElo "2293"]
[PlyCount "45"]
[EventDate "2023.12.14"]
[EventType "swiss (rapid)"]
[EventRounds "11"]
[EventCountry "CRO"]
[SourceTitle "CB51_2023"]
[SourceDate "2023.12.20"]
[SourceVersion "1"]
[SourceVersionDate "2023.12.20"]
[SourceQuality "1"]

1. d4 Nf6 2. Bg5 d5 3. Nd2 c5 4. dxc5 Qa5 5. Bxf6 gxf6 6. Ngf3 e5 7. c3 Qxc5 8. e4 Be6 9. exd5 Qxd5 10. Bc4 Qc6 11. Bxe6 Qxe6 12. Qb3 Qxb3 13. axb3 Nd7 14. Nh4 a6 15. Ne4 0-0-0 16. b4 h5 17. Ke2 Rg8 18. g3 Kc7 19. Rhd1 Be7 20. Nf5 Rde8 21. Rd3 Rg6 22. Rad1 Nb8 23. f3 1-0

[Event "Rome City op 5th"]
[Site "Rome"]
[Date "2023.12.09"]
[Round "8"]
[White "Petrov, Nikita"]
[Black "Godena, Michele"]
[Result "1-0"]
[WhiteElo "2561"]
[BlackElo "2445"]
[PlyCount "62"]
[EventDate "2023.12.04"]
[EventType "swiss"]
[EventRounds "9"]
[EventCountry "ITA"]
[SourceTitle "CB50_2023"]
[SourceDate "2023.12.13"]
[SourceVersion "1"]
[SourceVersionDate "2023.12.13"]
[SourceQuality "1"]

1. e4 e5 2. Nf3 Nc6 3. Bb5 a6 4. Ba4 Nf6 5. 0-0 b5 6. Bb3 Bc5 7. a4 Bb7 8. c3 d6 9. d4 Bb6 10. Re1 h6 11. Be3 Ng4 12. Bd5 0-0 13. Nbd2 Nxe3 14. fxe3 Rb8 15. Qe2 bxa4 16. Rxa4 Qe8 17. Raa1 a5 18. Kh1 Bc8 19. Qf2 Ne7 20. Ba2 Ng6 21. Qg3 Be6 22. Nc4 Kh7 23. Rf1 Qb5 24. Nfd2 Rbe8 25. h3 exd4 26. exd4 d5 27. Nxb6 cxb6 28. exd5 Bxd5 29. c4 Qxb2 30. Qd3 Be6 31. Bb3 Bf5 1-0

[Event "Rome City op 5th"]
[Site "Rome"]
[Date "2023.12.08"]
[Round "7"]
[White "Czarnota, Pawel"]
[Black "Petrov, Nikita"]
[Result "1/2-1/2"]
[WhiteElo "2502"]
[BlackElo "2561"]
[PlyCount "23"]
[EventDate "2023.12.04"]
[EventType "swiss"]
[EventRounds "9"]
[EventCountry "ITA"]
[SourceTitle "CB50_2023"]
[SourceDate "2023.12.13"]
[SourceVersion "1"]
[SourceVersionDate "2023.12.13"]
[SourceQuality "1"]

1. c4 e5 2. Nc3 Nf6 3. Nf3 Nc6 4. d3 Bb4 5. Bd2 0-0 6. g3 Nd4 7. Nxd4 exd4 8. Ne4 Bxd2+ 9. Qxd2 Nxe4 10. dxe4 c5 11. Bg2 b6 12. 0-0 1/2-1/2